000
00285nam a2200109Ia 4500
001
587456
005
20250717113816.0
008
250717s9999 xx 000 0 und d
245
0
_a
X-7 UZAYI KEŞFEDİYORUM SATÜRN
_c
ŞEBNEM ÖZDEMİRCİ
260
_b
BETA YAYINLARI
_c
2021
300
_b
18
999
_c
587456
_d
587456